000 00531nam a22001457a 4500
999 _c121922
_d121922
005 20210413103447.0
008 210413b ||||| |||| 00| 0 eng d
040 _cPK-LaUMT
082 _aRHC 321.94
_bHEA-D
100 _aHeart, Baroos Lock = ہارٹ، بروس لاک
245 _aDau inqalab = دو انقلاب :
_b ۔1971 میں روس کے واقعات کا آنکوں دیکھا حال /
_cby Baroos Lock Heart = بروس لاک ہارٹ
260 _aDehli :
_bNational Academy,
_c1967
300 _a184 p.
942 _cBK